000 01062nam a2200313 i 4500
001 192819
003 SpMaBN
005 20250804062653.0
008 230529s2016 sp 000 f spa
017 _aB 17922-2016
_bOficina Depósito Legal Barcelona
020 _a9788416820306
035 _a(OCoLC)962132374
040 _aSpMaBN
_bspa
_cSpMaBN
_erdc
_dES-MaACL
080 _a821.134.2-31"19"
100 1 _aMiralles, Francesc,
_d1968-
_eaut
_9226467
245 1 3 _aUn rayo de esperanza /
_cFrancesc Miralles
250 _aPrimera edición en esta colección: septiembre de 2016
260 _aBarcelona :
_bPlataforma Editorial,
_c2016
300 _a142 páginas ;
_c22 cm
336 _aTexto (visual)
_2isbdcontent
337 _asin mediación
_2isbdmedia
490 1 _aPlataforma ficción
655 0 _aNovelas
_9234319
830 _9226461
_aPlataforma ficción
852 _aES-MaACL
_bR.151870
_cDEPOJ
_hDonación: Editorial
_jN-8441
_9200121
942 _cMONOGRAFIA
_n0
999 _c192819
_d192819